| 000 -CABECERA |
| fixed length control field |
01710nam a22002897a 4500 |
| 003 - IDENTIFICADOR DEL NÚMERO DE CONTROL |
| control field |
AR-CdUCM |
| 008 - DATOS DE LONGITUD FIJA--INFORMACIÓN GENERAL |
| fixed length control field |
190605b ||||| |||| 00| 0 spa d |
| 040 ## - FUENTE DE LA CATALOGACIÓN |
| Agencia/entidad que catalogó originalmente la obra |
MUNICIPALIDAD PROVINCIAL DEL CUSCO |
| Entidad que transcribió la catalogación |
BIBLIOTECA MUNICIPAL DEL CUSCO |
| 082 ## - NÚMERO DE LA CLASIFICACIÓN DECIMAL DEWEY |
| No. de Clasificación |
Tarea/N°3/1980 |
| 245 ## - MENCIÓN DE TÍTULO |
| Título |
Tarea : |
| Resto del título |
revista de cultura / |
| Mención de responsabilidad |
Centro de Publicaciones Educativas Tarea |
| 260 ## - PUBLICACIÓN, DISTRIBUCIÓN, ETC. |
| Lugar de publicación, distribución, etc. |
Cusco. |
| Nombre de la editorial, distribuidor, etc. |
Perú graph, |
| Fecha de publicación, distribución, etc. |
1980. |
| 300 ## - DESCRIPCIÓN FÍSICA |
| Nº de Páginas Extensión |
72 páginas. : |
| Otros detalles físicos |
ilustraciones ; |
| Dimensiones |
30 cm. |
| 440 ## - MENCIÓN DE SERIE/PUNTO DE ACCESO ADICIONAL--TÍTULO |
| Título |
Tarea. |
| Número de la parte/sección de una obra |
N°3, diciembre de 1980. |
| 9 (RLIN) |
47513 |
| 505 ## - NOTA DE CONTENIDO CON FORMATO |
| Nota de contenido formateada |
Contenido: Túpac Amaru en la historia. -- Túpac Amaru y el campesinado indígena en el contexto de la historia colonial. Jürgen Golte. -- Túpac Amaru y los conflictos en el mundo andino. Manuel Buega, Alberto Flores Galindo, Jan Szeminski. -- La memoria literaria de Túpac Amaru. Manuel J. Baquerizo. -- Clases sociales y problema nacional en el Perú entre los siglos XVII-XX. Alfredo Torero. -- Pueblos nativos de la Selva. -- Nosotros los Aguarunas. Evaristo Nugkuag. -- El mito de Inkarri y sus interpretaciones. Santiago López. -- Inocencio Mamani, su vida, su obra. Omar Aramayo. -- La poesía quechua actual en el Perú. J. Barquero. -- A nuestro padre creador Túpac Amaru. José María Arguedas. -- Campesinado y Cine nacional. Rodolfo Pereyra.<br/> |
| 650 ## - PUNTO DE ACCESO ADICIONAL DE MATERIA--TÉRMINO DE MATERIA |
| Descriptor |
Túpac Amaru |
| 9 (RLIN) |
623 |
| 650 ## - PUNTO DE ACCESO ADICIONAL DE MATERIA--TÉRMINO DE MATERIA |
| Descriptor |
Amazonia |
| 9 (RLIN) |
3433 |
| 650 ## - PUNTO DE ACCESO ADICIONAL DE MATERIA--TÉRMINO DE MATERIA |
| Descriptor |
Literatura |
| 9 (RLIN) |
47514 |
| 650 ## - PUNTO DE ACCESO ADICIONAL DE MATERIA--TÉRMINO DE MATERIA |
| Descriptor |
Tradición oral |
| 9 (RLIN) |
2031 |
| 700 ## - PUNTO DE ACCESO ADICIONAL--NOMBRE DE PERSONA |
| Nombre Personal |
Golte, Jürgen |
| 9 (RLIN) |
46 |
| 700 ## - PUNTO DE ACCESO ADICIONAL--NOMBRE DE PERSONA |
| Nombre Personal |
Buega, Manuel |
| 9 (RLIN) |
47515 |
| 700 ## - PUNTO DE ACCESO ADICIONAL--NOMBRE DE PERSONA |
| Nombre Personal |
Flores Galindo, Alberto |
| 9 (RLIN) |
2837 |
| 700 ## - PUNTO DE ACCESO ADICIONAL--NOMBRE DE PERSONA |
| Nombre Personal |
Aramayo, Omar |
| 9 (RLIN) |
17181 |
| 700 ## - PUNTO DE ACCESO ADICIONAL--NOMBRE DE PERSONA |
| Nombre Personal |
Arguedas, José María |
| 9 (RLIN) |
790 |
| 710 ## - PUNTO DE ACCESO ADICIONAL--NOMBRE DE ENTIDAD CORPORATIVA |
| Nombre corporativo (En letras Mayúsculas) |
Centro de Publicaciones Educativas Tarea |
| 9 (RLIN) |
47516 |
| 942 ## - ELEMENTOS DE PUNTO DE ACCESO ADICIONAL (KOHA) |
| Fuente de clasificación |
|
| Tipo de item |
Revistas cusqueñas |
| 945 ## - PROCESAMIENTO DE INFORMACIÓN LOCAL (OCLC) |
| Catalogador |
vhl |